Visualizzazione normale
Vista MARC
- Olivieri Dino
di Personal Name
Records bibliografici associati: 1
001 - CONTROL NUMBER
- control field: 7654
003 - CONTROL NUMBER IDENTIFIER
- control field: IT-RoPau
005 - DATE AND TIME OF LATEST TRANSACTION
- control field: 20140105113054.0
008 - FIXED-LENGTH DATA ELEMENTS
- fixed length control field: 140105|| aca||aabn | a|a d
040 ## - CATALOGING SOURCE
- Original cataloging agency: IT-RoPau
- Transcribing agency: IT-RoPau
100 ## - HEADING--PERSONAL NAME
- Personal name: Olivieri Dino
- Dates associated with a name: Codice autore musica SPICS: 13481
- Relator term: Autore musica
- Name of part/section of a work: Inno di Garibaldi
670 ## - SOURCE DATA FOUND
- Source citation: Work cat.: (IT-RoPau)99889: AA.VV. 794, Canti della Patria (Lp 20092)